Statistics for Land som begynner med B

Click here to take the quiz!

General Stats

  • This quiz has been taken 29 times
  • The average score is 8 of 17

Answer Stats

Land% Correct
Belgia
91%
Bolivia
78%
Brasil
78%
Bangladesh
65%
Belize
57%
Bulgaria
57%
Bahrain
48%
Belarus
48%
Barbados
43%
Benin
43%
Botswana
43%
Brunei
43%
Burundi
43%
Bhutan
39%
Bahamas
35%
Burkina Faso
30%
Bosnia-Hercegovina
4%

Score Distribution

Percentile by Number Answered

Percent of People with Each Score

Your Score History

You have not taken this quiz